Geographical Features from 'A' - Statistics

General Stats
  • This quiz has been taken 115 times
  • The average score is 9 of 16
Answer Stats
Picture Hint Answer % Correct
Continent Antarctica
98%
River Amazon
87%
Province Alberta
80%
Sea Adriatic
78%
US City Atlanta
73%
Desert Atacama
67%
Mountain Range Appalachian
61%
Sea/Lake Aral
61%
Country Azerbaijan
56%
Country Armenia
54%
National Capital Andorra la Vella
49%
Dam Aswan
48%
French City Avignon
41%
National Capital Asuncion
35%
Sea/Island Andaman
26%
National Park Acadia
17%
No matching quizzes found
Score Distribution
Percent of People with Each Score
Percentile by Number Answered
Your Score History
You have not taken this quiz